01045cam a2200277 i 450000100060000000300080000600500170001400800410003103500230007203500190009504000270011404100080014108200220014910000540017124501220022526000570034730000210040450400790042550400200050450500970052465000140062165000260063565100440066165100380070574000240074334653BD-RjUL20211209052207.0140517r19601945nyu 001 0 eng d a(OCoLC)ocm05504481 a(BD-RjUL)34747 aCFTcCFTdBD-RjULbeng aeng00a392bCAS V-2 19601 aCalhoun, Arthur W.q(Arthur Wallace),d1885-1979.12aA social history of the American family /cby Arthur W. Calhoun.nVol. II :pFrom independence through the civil war. aNew York :bBarnes & Noble,cc1945 [Reprinted 1960]. a443 p. ;c25 cm. aBibliography: v. 1, p. [337]-348; v. 2, p. [377]-390; v. 3, p. [333]-358, aIncludes index.1 aI. Colonial period.--II. From independence through the civil war.--III. Since the civil war. 0aFamilies. 0aWomenzUnited States. 0aUnited StatesxSocial life and customs. 0aUnited StatesxSocial conditions.41aThe American family